| 000 | 00959cam a2200289 a 4500 | ||
|---|---|---|---|
| 001 | 21108 | ||
| 003 | BD-RjUL | ||
| 005 | 20211209000641.0 | ||
| 008 | 140303r19531943nyu b 000 1 eng d | ||
| 035 |
_a(OCoLC)ocm57236000 _a(BD-RjUL)21172 |
||
| 035 | _a(NNC)5412003 | ||
| 040 |
_aDLC _cDLC _dBAKER _dBD-RjUL _beng |
||
| 041 | _aeng | ||
| 082 | 0 | 0 |
_a823.912 _bGRM 1953 |
| 100 | 1 |
_aGreene, Graham, _d1904- _965231 |
|
| 245 | 1 | 4 |
_aThe ministry of fear : _ban entertainment / _cGraham Greene |
| 260 |
_aNew York ; _aLondon : _bWilliam Heinemann Ltd., _c1943 [Reprinted 1953]. |
||
| 300 |
_a268 p. : _c20 cm. |
||
| 504 | _aIncludes bibliographical references (p. [xiii]-xiv). | ||
| 650 | 0 |
_aWorld War, 1939-1945 _vEngland _vFiction. _965233 |
|
| 651 | 0 |
_aLondon (England) _vFiction. _961190 |
|
| 655 | 7 |
_aSuspense fiction. _2gsafd _965234 |
|
| 942 |
_2ddc _cBK |
||
| 999 |
_c21108 _d21108 |
||